00322 2200145 4500001002100000005001500021035002000036245002600056100001700082300001200099260003100111082000800142084001400150990001200164INLIS00000000000192120250521014257 a0010-05250002131 aKubah /cAhmad Tohari0 aAhmad Tohari a188 hlm aJakarta :bGramedia,c2005 a813 a813 AHM k a0713440